000
00289nam a22001337a 4500
008
170308b xxu||||| |||| 00| 0 eng d
020
_a
9781426201288
041
_a
eng
080
_a
611
100
_a
6
101
_a
SHM
245
_a
BODY THE COMPLETE HUMAN
_c
RESTAK, R
942
_2
udc
_c
BK
999
_c
7169
_d
7169